000 00421nam a22001457a 4500
999 _c7604
_d7602
005 20210315152341.0
008 210315b ||||| |||| 00| 0 eng d
082 _a346.066
100 _aAIYAR, A.N.
_96466
245 _aREPORTS OF COMPANY CASES INCLUDING CASES OF BANKING AND INSURENCE [VOL-88]
260 _aMADRAS
_bCOMPANY LAW INSTITUTE OF INDIA
_c1997
300 _a880;I-xlvii,p
650 _aLAW
_95701
942 _cJRL